书目信息 |
| 题名: |
非特殊用途化妆品生产与备案指南
|
|
| 作者: | 董然 著 | |
| 分册: | ||
| 出版信息: | 北京 北京工业大学出版社 2021.10 |
|
| 页数: | 184页 | |
| 开本: | 26cm | |
| 丛书名: | ||
| 单 册: | ||
| 中图分类: | TQ658 | |
| 科图分类: | ||
| 主题词: | 化妆品--hua zhuang pin--生产工艺 | |
| 电子资源: | ||
| ISBN: | 978-7-5639-6555-7 | |
| 000 | 00861nam0 2200241 450 | |
| 001 | CAL 010247904 | |
| 005 | 20230217093112.0 | |
| 010 | @a978-7-5639-6555-7@dCNY54.00 | |
| 100 | @a20211228d2021 em y0chiy0120 ea | |
| 101 | 0 | @achi |
| 102 | @aCN@b110000 | |
| 105 | @ak a 000yy | |
| 106 | @ar | |
| 200 | 1 | @a非特殊用途化妆品生产与备案指南@Afei te shu yong tu hua zhuang pin sheng chan yu bei an zhi nan@f董然著 |
| 210 | @a北京@c北京工业大学出版社@d2021.10 | |
| 215 | @a184页@d26cm | |
| 320 | @a有书目 (第184页) | |
| 330 | @a本书通过对大量化妆品申报资料的审评, 总结归纳了化妆品生产、资料申报的相关知识, 并结合化妆品生产现场检查经验, 对非特殊用途化妆品的生产、备案申报进行了阐述。 | |
| 606 | 0 | @a化妆品@Ahua zhuang pin@x生产工艺 |
| 690 | @aTQ658@v5 | |
| 701 | 0 | @a董然@Adong ran@4著 |
| 801 | 0 | @aCN@bBJXHZP@c20230228 |
| 905 | @b1385543-6@dTQ658@e100@f4 | |
| 非特殊用途化妆品生产与备案指南/董然著.-北京:北京工业大学出版社,2021.10 |
| 184页;26cm |
| ISBN 978-7-5639-6555-7:CNY54.00 |
| 本书通过对大量化妆品申报资料的审评, 总结归纳了化妆品生产、资料申报的相关知识, 并结合化妆品生产现场检查经验, 对非特殊用途化妆品的生产、备案申报进行了阐述。 |
| ● |
| 相关链接 |
|
|
|
|
正题名:非特殊用途化妆品生产与备案指南
索取号:TQ658/100
 
预约/预借
| 序号 | 登录号 | 条形码 | 馆藏地/架位号 | 状态 | 备注 |
| 1 | 1385543 | 213855434 | 第二样本阅览室/ [索取号:TQ658/100] | 在馆 | |
| 2 | 1385544 | 213855443 | 第三借阅区/ [索取号:TQ658/100] | 在馆 | |
| 3 | 1385545 | 213855452 | 第三借阅区/ [索取号:TQ658/100] | 在馆 | |
| 4 | 1385546 | 213855461 | 第三借阅区/ [索取号:TQ658/100] | 在馆 |